| 000 | 00953aab a2200193 i 4500 | ||
|---|---|---|---|
| 001 | 768714001 | ||
| 003 | CO-MdFUSB | ||
| 005 | 20240422101523.0 | ||
| 008 | 240416t1983 ag ||||| |||| 00| 0 spa d | ||
| 040 |
_bspa _cCO-MdFUSB |
||
| 041 | _aspa | ||
| 100 | 1 |
_aRamírez, Eduardo M. _eautor |
|
| 245 | 3 |
_aEl planeamiento del culto _b/ Eduardo M. Ramírez |
|
| 300 |
_aVolumen 2, número 1, (enero - marzo, 1983), páginas: 36 - 37 _c; 27 cm |
||
| 520 | _aOrganizar la liturgia es crucial ya que nuestras ofrendas a Dios deben ser las más superiores.La participación del Espíritu es necesaria para guiar nuestras acciones, comprender el pasado de la iglesia y discernir la voluntad de Dios. Para los cristianos, la planificación debe ser un acto compartido con el Espíritu de Dios. | ||
| 650 | 7 |
_aLiturgia _9206 |
|
| 773 | 0 |
_tIglesia y Misión _049402 _959626 _gVolumen 2, número 1, (enero - marzo, 1983), páginas: 36 - 37 _qpágina: 36 |
|
| 942 | _cANA | ||
| 999 |
_c51318 _d51318 |
||